| 000 | 01230nam a22002415i 4500 | ||
|---|---|---|---|
| 001 | 164299 | ||
| 003 | ES-MaACL | ||
| 005 | 20231223063112.0 | ||
| 008 | 951113s1842 sp |||| | spa d | ||
| 040 |
_aCLM _bspa _cCCPB | SIC |
||
| 080 | _a338.45(493) | ||
| 080 | _a339.166(460):62/69.002.6 | ||
| 100 | 1 |
_aLa Sagra, Ramón de, _d1798-1871 _9101445 |
|
| 245 | 1 | 0 |
_aInforme sobre el estado actual de la industria belga con aplicación a España... / _cpresentado al Ministro de la Gobernación por D. Ramón de la Sagra. |
| 260 |
_aMadrid : _bImprenta Nacional, _c1842. |
||
| 300 |
_a310 p. ; _c20 cm. |
||
| 501 | _aContiene: La exposición de los productos de dicha industria. El cuadro de las instituciones que sirven para su desarrollo y para mejorar la suerte de las clases obreras. La indicación de los productos que pueda ofrecer con ventaja al comercio español. | ||
| 530 | _aDisponible también en sitio web. | ||
| 650 | 4 |
_aIndustria- _zBélgica. _9150359 |
|
| 852 |
_aES-MaACL _jG-9625 _z-- Enc. hol., conservando la cub. original |
||
| 856 |
_uhttp://bibliotecadigitalhispanica.bne.es:80/webclient/DeliveryManager?pid=3313229&custom_att_2=simple_viewer _zIr a la página |
||
| 999 |
_c164299 _d164299 |
||